Ricostruisci la Carriera del Calciatore - Leonardo - Statistics

Statistiche generali
  • Questo quiz è stato fatto 7 volte
  • Il punteggio medio è 4 su 10
Statistiche sulle risposte
Hint Risposta % Corretto
1987-1990 Flamengo
100%
1997-2001 Milan
75%
1990-1991 San Paolo
75%
1996-1997 Paris Saint-Germain
50%
2002 Flamengo
25%
1994-1996 Kashima Antlers
25%
1993-1994 San Paolo
25%
2001 San Paolo
25%
1991-1993 Valencia
25%
2002-2003 Milan
0%
Nessun quiz corrispondente trovato
Distribuzione punteggi
Percentuale di utenti per punteggio
Percentile per numero di risposta
I tuoi punteggi nel tempo
Non hai fatto questo quiz